000 00453nab a2200145Ia 4500
003 ES-SlBCS
005 20210601132847.0
008 140529s1956 xxu||||| |||| 00| 0 ita d
041 _aita
100 1 _aPaggiaro, Luigi
_963065
245 0 0 _aIl fondamento religioso della filosofia kantiana
_c Luigi Paggiaro
650 0 4 _aFilosofía Kantiana
_9174871
773 0 _tGiornali di Metafisica
_gvol. 11, nº. 3, 1956, págs. 354-368
_w0017-0372
942 _cAR
999 _c586794
_d586794